000 00763nam a2200205Ii 4500
003 JO-AjNU
008 230605s9999||||xx |||||||||||||| ||und||
040 _aJO-AjNU
_bara
_erda
_cJO-AjNU
041 _aara
050 1 4 _aDS135.A66.A8398 2003
100 3 _aتاليف عطا، زبيدة محمد,
_eauthor
_98732
245 0 0 _aاليهود في العالم العربي: قراءة في خرافة الاضطهاد
250 _aط1
264 3 1 _aالقاهرة: عين للدراسات والبحوث الانسانية والاجتماعية، 2004
300 _a80ص
336 _atext
_btxt
_2rdacontent
337 _aunmediated
_bn
_2rdamedia
338 _avolume
_bnc
_2rdacarrier
650 4 _aتاريخ فلسطين- اسرائيل- اليهود
_98733
999 _aA939
_c4507
_d4507